| Tag |
First Indicator |
Second Indicator |
Subfields |
| LEADER |
00000cam a2200000 a 4500 |
| 001 |
in00000025096 |
| 005 |
20151007055724.0 |
| 008 |
870806s1987 enka b 00110 eng |
| 010 |
|
|
|a 87024067
|
| 020 |
|
|
|a 0745001769
|
| 020 |
|
|
|a 0312012624 (St. Martin's) :
|c $35.00
|
| 035 |
|
|
|a (OCoLC)16645246
|
| 035 |
|
|
|9 AAB9073AM
|
| 040 |
|
|
|a DLC
|c DLC
|d TXA
|d UtOrBLW
|
| 043 |
|
|
|a d------
|
| 049 |
|
|
|a TXAM
|c [A11645284]
|
| 050 |
0 |
0 |
|a HV804
|b .M33 1987
|
| 082 |
0 |
|
|a 362.7/042/091724
|2 19
|
| 100 |
1 |
|
|a MacPherson, Stewart.
|
| 245 |
1 |
0 |
|a Five hundred million children :
|b poverty and child welfare in the Third World /
|c Stewart MacPherson.
|
| 264 |
|
1 |
|a Brighton, Sussex :
|b Wheatsheaf Books ;
|a New York :
|b St. Martin's Press,
|c 1987.
|
| 300 |
|
|
|a xiv, 226 pages :
|b illustrations ;
|c 23 cm.
|
| 336 |
|
|
|a text
|b txt
|2 rdacontent
|
| 337 |
|
|
|a unmediated
|b n
|2 rdamedia
|
| 338 |
|
|
|a volume
|b nc
|2 rdacarrier
|
| 490 |
1 |
|
|a Studies in international social policy and welfare
|
| 504 |
|
|
|a Bibliography: pages 214-222.
|
| 500 |
|
|
|a Includes indexes.
|
| 650 |
|
0 |
|a Child welfare
|z Developing countries.
|
| 650 |
|
0 |
|a Poor children
|x Government policy
|z Developing countries.
|
| 830 |
|
0 |
|a Studies in international social policy and welfare.
|
| 999 |
|
|
|a MARS
|
| 999 |
f |
f |
|s eb0acdc1-707e-33ff-b167-cefe3a6e97cb
|i b61f42ef-081d-3a27-81c6-18c0a9f44b47
|t 0
|
| 952 |
f |
f |
|p ric
|a Texas A&M University
|b Rellis Campus
|c Joint Library Facility
|s JLF
|d Remote Storage
|t 0
|e HV804 .M33 1987
|h Library of Congress classification
|i unmediated -- volume
|m A14811645284
|
| 998 |
f |
f |
|a HV804 .M33 1987
|t 0
|l Remote Storage
|